000 00706nam a2200205Ii 4500
003 JO-AjNU
008 230605s9999||||xx |||||||||||||| ||und||
040 _aJO-AjNU
_bara
_erda
_cJO-AjNU
041 _aara
050 1 4 _aPQ2615 1989
100 3 _aإعداد فياض، ليلى مليحة,
_eauthor
_936591
245 0 0 _aكيف تكتب رسائلك بالفرنسية
250 _aط1
264 3 1 _aبيروت: دار العلم للملايين، 1989
300 _a160ص
336 _atext
_btxt
_2rdacontent
337 _aunmediated
_bn
_2rdamedia
338 _avolume
_bnc
_2rdacarrier
650 4 _aاللغة الفرنسية - دراسة وتعليم - الرسائل الفرنسية
_936592
999 _aA15216
_c18784
_d18784